[Event "Rohde op 09th"]
[Site "Sautron"]
[Date "2009.10.26"]
[Round "4"]
[White "Ivanov, Jordan"]
[Black "Allorant, Adrien"]
[Result "1-0"]
[WhiteElo "2408"]
[BlackElo "2069"]
[PlyCount "71"]
[EventDate "2009.10.24"]
[EventType "swiss"]
[EventRounds "9"]
[EventCountry "FRA"]
[SourceTitle "EXT 2010"]
[Source "ChessBase"]
[SourceDate "2010.11.25"]
[SourceVersion "1"]
[SourceVersionDate "2010.11.25"]
[SourceQuality "1"]

1. d4 e6 2. e4 d5 3. Nd2 Nc6 4. Ngf3 Nf6 5. e5 Nd7 6. Nb3 a5 7. a4 Be7 8. h4 h6 9. Rh3 b6 10. Rg3 Kf8 11. h5 Ba6 12. Bxa6 Rxa6 13. Ng1 Kg8 14. Qg4 Bf8 15. Nf3 Ra7 16. Nh4 Qe8 17. f4 Ne7 18. Be3 c5 19. dxc5 bxc5 20. Nxc5 Rc7 21. Nxe6 fxe6 22. Qxe6+ Qf7 23. Qxf7+ Kxf7 24. 0-0-0 Rc4 25. Ng6 Rg8 26. Nxe7 Bxe7 27. Rxd5 Rd8 28. Rxa5 Nc5 29. Bxc5 Bxc5 30. Rf3 Re4 31. Kb1 Bb4 32. Ra7+ Be7 33. g3 Rd2 34. Rc3 Ke6 35. Rc6+ Kd5 36. Rg6 1-0

[Event "Rohde op 09th"]
[Site "Sautron"]
[Date "2009.10.25"]
[Round "2"]
[White "Bihari, Pascal"]
[Black "Allorant, Adrien"]
[Result "0-1"]
[WhiteElo "1847"]
[BlackElo "2069"]
[PlyCount "44"]
[EventDate "2009.10.24"]
[EventType "swiss"]
[EventRounds "9"]
[EventCountry "FRA"]
[SourceTitle "EXT 2010"]
[Source "ChessBase"]
[SourceDate "2010.11.25"]
[SourceVersion "1"]
[SourceVersionDate "2010.11.25"]
[SourceQuality "1"]

1. e4 c5 2. Nf3 g6 3. d4 cxd4 4. Nxd4 Nc6 5. Be3 Nf6 6. Nc3 Bg7 7. Bc4 0-0 8. Qd2 Nxe4 9. Nxe4 d5 10. Nxc6 bxc6 11. Bd3 dxe4 12. Bxe4 Ba6 13. c3 Qa5 14. Qc2 Rfd8 15. b4 Qe5 16. Bd4 Qe6 17. 0-0-0 Bxd4 18. Rxd4 Rxd4 19. cxd4 Qd6 20. Qd2 Bc4 21. Re1 Rb8 22. a3 a5 0-1

[Event "Rennes op 2nd"]
[Site "Rennes"]
[Date "2009.07.22"]
[Round "8"]
[White "Allorant, Adrien"]
[Black "Le Bail, Arielle"]
[Result "1-0"]
[WhiteElo "2072"]
[BlackElo "1847"]
[PlyCount "107"]
[EventDate "2009.07.15"]
[EventType "swiss"]
[EventRounds "9"]
[EventCountry "FRA"]
[SourceTitle "EXT 2011"]
[Source "ChessBase"]
[SourceDate "2010.11.26"]
[SourceVersion "1"]
[SourceVersionDate "2010.11.26"]
[SourceQuality "1"]

1. d4 Nf6 2. Nf3 e6 3. e3 b6 4. Bd3 Bb7 5. 0-0 c5 6. c4 Be7 7. Nc3 Nc6 8. a3 d5 9. dxc5 bxc5 10. cxd5 exd5 11. e4 d4 12. Nb1 0-0 13. Nbd2 Rc8 14. Rb1 Qc7 15. Nc4 Rfd8 16. Bd2 Ba6 17. Qe2 Nd7 18. Rfc1 Nb6 19. e5 Nxc4 20. Bxc4 Bxc4 21. Rxc4 Na5 22. Bxa5 Qxa5 23. Ne1 Qa6 24. Rbc1 Qe6 25. Nd3 f6 26. Kf1 fxe5 27. Qxe5 Qxe5 28. Nxe5 d3 29. Rd1 d2 30. Nf3 Bf6 31. Rxd2 Rxd2 32. Nxd2 Bxb2 33. Ra4 Rc7 34. Ke2 Kf8 35. Kd3 Ke7 36. Kc4 Bd4 37. Ne4 Ke6 38. Ra6+ Ke5 39. f3 Kf4 40. Nd6 Ke3 41. Nb5 Rb7 42. Rxa7 Rxa7 43. Nxa7 Kf2 44. a4 Kxg2 45. Nc6 Kxh2 46. a5 Kg3 47. a6 h5 48. a7 h4 49. a8Q h3 50. Nxd4 cxd4 51. Qh8 g5 52. Qh5 h2 53. Qxg5+ Kxf3 54. Qd5+ 1-0

[Event "Rennes op 2nd"]
[Site "Rennes"]
[Date "2009.07.21"]
[Round "7"]
[White "Quellec, Yannick"]
[Black "Allorant, Adrien"]
[Result "1/2-1/2"]
[WhiteElo "1900"]
[BlackElo "2072"]
[PlyCount "89"]
[EventDate "2009.07.15"]
[EventType "swiss"]
[EventRounds "9"]
[EventCountry "FRA"]
[SourceTitle "EXT 2011"]
[Source "ChessBase"]
[SourceDate "2010.11.26"]
[SourceVersion "1"]
[SourceVersionDate "2010.11.26"]
[SourceQuality "1"]

1. e4 c5 2. d3 g6 3. f4 Bg7 4. Nf3 Nc6 5. Be2 d6 6. 0-0 Nf6 7. a4 0-0 8. c3 e5 9. Na3 Ne8 10. f5 gxf5 11. exf5 d5 12. Qe1 Nd6 13. g4 Re8 14. Nb5 e4 15. Nxd6 exf3 16. Nxe8 fxe2 17. Qxe2 Be5 18. d4 cxd4 19. cxd4 Bxd4+ 20. Kh1 Be5 21. f6 Qxe8 22. Qe3 Qe6 23. Qh6 Bxf6 24. Qxf6 Qxf6 25. Rxf6 Bxg4 26. Bh6 Ne5 27. Rg1 Kh8 28. Rg3 Re8 29. h3 Be2 30. Bg7+ Kg8 31. Rd6 Ng6 32. Bf6 Bd1 33. a5 Kf8 34. Rxd5 Ba4 35. Kg1 Bc6 36. Rd8 Rxd8 37. Bxd8 a6 38. Bf6 Nf4 39. Bg7+ Ke7 40. Kf2 f5 41. Be5 Ne6 42. Ke3 Kf7 43. h4 h5 44. Rg1 Bd5 45. Rc1 1/2-1/2

[Event "Rennes op 2nd"]
[Site "Rennes"]
[Date "2009.07.19"]
[Round "5"]
[White "Ruhlmann, Helene"]
[Black "Allorant, Adrien"]
[Result "0-1"]
[WhiteElo "1720"]
[BlackElo "2072"]
[PlyCount "86"]
[EventDate "2009.07.15"]
[EventType "swiss"]
[EventRounds "9"]
[EventCountry "FRA"]
[SourceTitle "EXT 2011"]
[Source "ChessBase"]
[SourceDate "2010.11.26"]
[SourceVersion "1"]
[SourceVersionDate "2010.11.26"]
[SourceQuality "1"]

1. e4 c5 2. Nf3 g6 3. d4 cxd4 4. Nxd4 Nc6 5. Be2 Bg7 6. Be3 Nf6 7. Nc3 0-0 8. 0-0 d5 9. exd5 Nxd5 10. Nxd5 Qxd5 11. Bf3 Qa5 12. Nxc6 bxc6 13. c3 Rb8 14. Qc1 c5 15. Re1 c4 16. Be4 e5 17. Rd1 Be6 18. b3 f5 19. Bc2 Qc7 20. b4 Rfd8 21. Qa3 Ra8 22. Rxd8+ Qxd8 23. Rd1 Qc7 24. Bc5 Bf8 25. Qa6 Kf7 26. Bd6 Qb6 27. Qxb6 axb6 28. a4 Bg7 29. Rc1 Ra7 30. Kf1 e4 31. Bd1 Rd7 32. Bf4 Rd3 33. Be3 Bxc3 34. Be2 Bxb4 35. Bxd3 exd3 36. Rd1 c3 37. Rxd3 Bc4 38. Ke2 Ke6 39. Bc1 f4 40. f3 g5 41. g3 Ke5 42. g4 h6 43. h3 Kf6 0-1

[Event "Rennes op 2nd"]
[Site "Rennes"]
[Date "2009.07.17"]
[Round "3"]
[White "Bratanov, Zsivko"]
[Black "Allorant, Adrien"]
[Result "1-0"]
[WhiteElo "2456"]
[BlackElo "2072"]
[PlyCount "65"]
[EventDate "2009.07.15"]
[EventType "swiss"]
[EventRounds "9"]
[EventCountry "FRA"]
[SourceTitle "EXT 2011"]
[Source "ChessBase"]
[SourceDate "2010.11.26"]
[SourceVersion "1"]
[SourceVersionDate "2010.11.26"]
[SourceQuality "1"]

1. e4 c5 2. Nf3 g6 3. d4 cxd4 4. Qxd4 Nf6 5. e5 Nc6 6. Qa4 Nd5 7. Qb3 Nc7 8. Bc4 Ne6 9. 0-0 Bg7 10. Bxe6 fxe6 11. Bf4 0-0 12. Bg3 b6 13. Na3 Bb7 14. Rad1 a6 15. Qd3 Bc8 16. c4 Qc7 17. Rfe1 Rf5 18. Nc2 a5 19. Ncd4 Nb4 20. Qe2 Rf8 21. Nb5 Qb8 22. b3 Rd8 23. h4 Bb7 24. h5 gxh5 25. Ng5 Bc6 26. Qxh5 h6 27. Nf7 Kh7 28. Nxh6 Bxh6 29. Bf4 Rh8 30. Qf7+ Bg7 31. Re3 Bxg2 32. Kxg2 Qb7+ 33. f3 1-0

[Event "FRA-ch U18"]
[Site "Aix les Bains"]
[Date "2009.04.22"]
[Round "3"]
[White "Allorant, Adrien"]
[Black "Banuls, Adrien"]
[Result "0-1"]
[WhiteElo "2076"]
[BlackElo "1902"]
[PlyCount "104"]
[EventDate "2009.04.19"]
[EventType "swiss"]
[EventRounds "9"]
[EventCountry "FRA"]
[SourceTitle "CBM 130 Extra"]
[Source "ChessBase"]
[SourceDate "2009.07.02"]
[SourceVersion "2"]
[SourceVersionDate "2009.07.15"]
[SourceQuality "1"]

1. e4 c5 2. Nf3 e6 3. d4 cxd4 4. Nxd4 Nf6 5. Nc3 d6 6. Be2 a6 7. 0-0 Be7 8. f4 Qc7 9. Be3 Nc6 10. a4 b6 11. Nxc6 Qxc6 12. Bf3 e5 13. fxe5 dxe5 14. Nd5 Bc5 15. Nxf6+ gxf6 16. Bxc5 Qxc5+ 17. Kh1 Bb7 18. Bg4 Rd8 19. Qf3 Rd6 20. Rad1 h5 21. Rxd6 Qxd6 22. Bxh5 Rh6 23. Rd1 Qe6 24. Bg4 Qc4 25. Qa3 Qc5 26. Qd3 Kf8 27. Bf5 Qb4 28. Qd6+ Qxd6 29. Rxd6 Rh4 30. g4 Bxe4+ 31. Bxe4 Rxg4 32. Bd3 e4 33. Bxa6 f5 34. Bb7 e3 35. Bf3 Rxa4 36. Rxb6 Re4 37. b4 Rc4 38. Kg1 Rxc2 39. Rb5 Rb2 40. h4 Kg7 41. h5 Kf6 42. h6 Kg6 43. Rb6+ f6 44. b5 Kxh6 45. Rxf6+ Kg5 46. Rb6 Kf4 47. Bb7 Rb1+ 48. Kg2 e2 49. Re6 e1Q 50. Rxe1 Rxe1 51. Kf2 Rb1 52. Bc6 Rb2+ 0-1

[Event "FRA-ch U18"]
[Site "Aix les Bains"]
[Date "2009.04.22"]
[Round "5"]
[White "Allorant, Adrien"]
[Black "Masset, Jacques"]
[Result "1-0"]
[WhiteElo "2076"]
[BlackElo "1847"]
[PlyCount "53"]
[EventDate "2009.04.19"]
[EventType "swiss"]
[EventRounds "9"]
[EventCountry "FRA"]
[SourceTitle "CBM 130 Extra"]
[Source "ChessBase"]
[SourceDate "2009.07.02"]
[SourceVersion "2"]
[SourceVersionDate "2009.07.15"]
[SourceQuality "1"]

1. e4 c5 2. Nf3 Nc6 3. Bb5 g6 4. 0-0 Bg7 5. Re1 Nf6 6. c3 a6 7. Bf1 0-0 8. h3 d6 9. d4 cxd4 10. cxd4 b5 11. a4 b4 12. Nbd2 Bd7 13. Nb3 d5 14. e5 Ne4 15. Bd3 f5 16. exf6 Nxf6 17. Nc5 Bc8 18. Be3 Qd6 19. Bc2 Nd7 20. Bb3 Na5 21. Bg5 Nf6 22. Re5 Nc6 23. Bxf6 Nxe5 24. dxe5 Qxc5 25. Qxd5+ Qxd5 26. Bxd5+ e6 27. Bxa8 1-0

[Event "FRA-ch op-A"]
[Site "Pau"]
[Date "2008.08.17"]
[Round "6"]
[White "Gaubil, Olivier"]
[Black "Allorant, Adrien"]
[Result "0-1"]
[WhiteElo "2154"]
[BlackElo "2011"]
[PlyCount "90"]
[EventDate "2008.08.11"]
[EventType "swiss"]
[EventRounds "9"]
[EventCountry "FRA"]
[SourceTitle "CBM 126 Extra"]
[Source "ChessBase"]
[SourceDate "2008.11.05"]
[SourceVersion "1"]
[SourceVersionDate "2008.11.05"]
[SourceQuality "1"]

1. Nf3 c5 2. c4 Nc6 3. d4 cxd4 4. Nxd4 Nf6 5. Nc3 g6 6. e4 d6 7. f3 Nxd4 8. Qxd4 Bg7 9. Be3 0-0 10. Qd2 Be6 11. Rc1 Qa5 12. Be2 Rfc8 13. 0-0 Nd7 14. Rfd1 a6 15. Rc2 b5 16. Nd5 Qxd2 17. Rdxd2 Bxd5 18. cxd5 Nc5 19. b3 b4 20. Rd1 Bc3 21. Rdc1 a5 22. Rxc3 bxc3 23. Rxc3 Rab8 24. Bd1 Na6 25. Rxc8+ Rxc8 26. Kf1 Nb4 27. a3 Na2 28. Bd2 Nc3 29. Ke1 Kg7 30. b4 axb4 31. axb4 Nxd1 32. Kxd1 f5 33. Ke2 Kf6 34. Kd3 e6 35. Bc3+ e5 36. Kc2 Ke7 37. Kb3 Kd7 38. Bd2 fxe4 39. fxe4 Kc7 40. Be3 Ra8 41. b5 Ra1 42. Kc3 Ra3+ 43. Kd2 Ra2+ 44. Kd3 Rxg2 45. h4 Rg3 0-1

[Event "FRA-ch op-A"]
[Site "Pau"]
[Date "2008.08.16"]
[Round "5"]
[White "Koch, Alain1111"]
[Black "Allorant, Adrien"]
[Result "1/2-1/2"]
[WhiteElo "2090"]
[BlackElo "2011"]
[PlyCount "250"]
[EventDate "2008.08.11"]
[EventType "swiss"]
[EventRounds "9"]
[EventCountry "FRA"]
[SourceTitle "CBM 126 Extra"]
[Source "ChessBase"]
[SourceDate "2008.11.05"]
[SourceVersion "1"]
[SourceVersionDate "2008.11.05"]
[SourceQuality "1"]

1. e4 c5 2. Nf3 Nc6 3. d4 cxd4 4. Nxd4 g6 5. Nxc6 bxc6 6. Bc4 Nf6 7. Qe2 Bg7 8. c3 0-0 9. 0-0 Nxe4 10. Qxe4 d5 11. Qf3 dxc4 12. Qxc6 Be6 13. Qf3 Qb6 14. Na3 Rfd8 15. Qe2 Rac8 16. Be3 Qa5 17. Nc2 Bf5 18. Nb4 Qc7 19. Rfd1 a5 20. Nd5 Qb7 21. Nb6 Bd3 22. Nxc8 Rxc8 23. Qd2 a4 24. Qc1 Rb8 25. Rd2 Qe4 26. Qe1 a3 27. f3 Qa8 28. Qc1 Qa5 29. b4 cxb3 30. axb3 Qxc3 31. Qxc3 Bxc3 32. Rxa3 Bb4 33. Ra7 Bxd2 34. Bxd2 Rxb3 35. Bh6 f5 36. Rxe7 Rb1+ 37. Kf2 Rb2+ 38. Ke1 Rb8 39. Rg7+ Kh8 40. Rc7 Ba6 41. Kf2 Kg8 42. Rg7+ Kh8 43. Ra7 Bc4 44. Bg7+ Kg8 45. Be5 Re8 46. f4 Bf7 47. h4 Rc8 48. Ke3 Rd8 49. Bf6 Re8+ 50. Be5 Rd8 51. g3 Re8 52. Rd7 Kf8 53. Kd4 Kg8 54. Kc5 Rc8+ 55. Kd6 Re8 56. Kc7 Ra8 57. Kb7 Re8 58. Kc6 Ra8 59. Kd6 Ra6+ 60. Kc5 Ra5+ 61. Kb6 Ra8 62. Rc7 Re8 63. Kc6 Re6+ 64. Kd7 Re8 65. Ra7 Kf8 66. Bf6 Kg8 67. Rc7 Kf8 68. Ra7 Kg8 69. Be5 Kf8 70. Kc6 Re6+ 71. Kc5 Kg8 72. Kd4 Kf8 73. Kd3 Kg8 74. Ke3 Kf8 75. Kf3 h5 76. Rc7 Ra6 77. Ke3 Ra4 78. Bf6 Rc4 79. Ra7 Rc6 80. Be5 Re6 81. Rc7 Ra6 82. Bc3 Re6+ 83. Kd3 Re4 84. Bd4 Be6 85. Bf6 Bf7 86. Ra7 Bc4+ 87. Kc3 Bf7 88. Bd4 Be6 89. Bc5+ Kg8 90. Ra8+ Kf7 91. Bd4 Ke7 92. Bc5+ Kf7 93. Ra7+ Kg8 94. Bd4 Bf7 95. Be5 Rc4+ 96. Kd3 Rc8 97. Bf6 Re8 98. Ra4 Kf8 99. Be5 Rd8+ 100. Kc3 Kg8 101. Ra7 Rc8+ 102. Kb4 Kf8 103. Bc7 Re8 104. Kc5 Re6 105. Bd6+ Kg7 106. Ra8 Re8 107. Be5+ Kf8 108. Ra7 Re6 109. Ra3 Kg8 110. Bd6 Kg7 111. Kc6 Kg8 112. Kd7 Re8 113. Be5 Kf8 114. Bf6 Kg8 115. Be7 Kh7 116. Ra7 Kg7 117. Kd6 Rb8 118. Kc5 Rb1 119. Kc6 Rb8 120. Bd6 Re8 121. Kd7 Kg8 122. Bc5 Kh7 123. Ra5 Kg8 124. Be7 Kh7 125. Re5 Kg8 1/2-1/2

[Event "FRA-ch op-A"]
[Site "Pau"]
[Date "2008.08.14"]
[Round "3"]
[White "Guezennec, Franck"]
[Black "Allorant, Adrien"]
[Result "1-0"]
[WhiteElo "2190"]
[BlackElo "2011"]
[PlyCount "91"]
[EventDate "2008.08.11"]
[EventType "swiss"]
[EventRounds "9"]
[EventCountry "FRA"]
[SourceTitle "CBM 126 Extra"]
[Source "ChessBase"]
[SourceDate "2008.11.05"]
[SourceVersion "1"]
[SourceVersionDate "2008.11.05"]
[SourceQuality "1"]

1. c4 e5 2. Nc3 d6 3. g3 f5 4. Bg2 Nf6 5. d3 g6 6. b4 Bg7 7. Rb1 0-0 8. Nf3 c6 9. 0-0 Qe7 10. b5 Kh8 11. a4 Be6 12. bxc6 bxc6 13. Ba3 Bg8 14. Nd2 Rc8 15. a5 Na6 16. Qa4 Qc7 17. Rfc1 Nd7 18. Na2 Ndc5 19. Bxc5 Nxc5 20. Qa3 Bh6 21. Rc2 Be6 22. Nb4 Bd7 23. Rcb2 Bg7 24. Nb3 Nxb3 25. Rxb3 Bf8 26. Na6 Qd8 27. Qa1 Bg7 28. Qa3 Bf8 29. Rb7 Be6 30. Qa1 Bg7 31. Nb4 Bd7 32. Qa4 Qe8 33. Rxd7 Qxd7 34. Bxc6 Qc7 35. Bxa8 Rxa8 36. Qc6 Qd8 37. Na6 e4 38. dxe4 Bc3 39. exf5 Bxa5 40. fxg6 hxg6 41. Qe4 Bb6 42. Qxg6 Qf8 43. e3 Qg8 44. Qf6+ Qg7 45. Qxd6 Rd8 46. Qe6 1-0

[Event "FRA-ch op-A"]
[Site "Pau"]
[Date "2008.08.12"]
[Round "1"]
[White "Couche, Jean Francois"]
[Black "Allorant, Adrien"]
[Result "0-1"]
[WhiteElo "2105"]
[BlackElo "2011"]
[PlyCount "96"]
[EventDate "2008.08.11"]
[EventType "swiss"]
[EventRounds "9"]
[EventCountry "FRA"]
[SourceTitle "CBM 126 Extra"]
[Source "ChessBase"]
[SourceDate "2008.11.05"]
[SourceVersion "1"]
[SourceVersionDate "2008.11.05"]
[SourceQuality "1"]

1. Nf3 c5 2. c4 Nf6 3. Nc3 Nc6 4. d4 cxd4 5. Nxd4 e5 6. Nc2 Bc5 7. g3 0-0 8. Bg2 Re8 9. 0-0 h6 10. Ne3 d6 11. Ned5 Bf5 12. e3 a5 13. b3 e4 14. Bb2 Nb4 15. Nxb4 axb4 16. Nd5 Nxd5 17. Qxd5 Qc8 18. Rfd1 Ra7 19. h3 Bd7 20. g4 Bc6 21. Qh5 Re6 22. Rd2 b5 23. cxb5 Bxb5 24. Bf1 Bxf1 25. Kxf1 Qa8 26. Qd5 Re8 27. Bc1 Qxd5 28. Rxd5 Rea8 29. Rd2 g6 30. Kg2 f5 31. gxf5 gxf5 32. Kg3 Kf7 33. Kg2 Ke6 34. Rc2 Ra5 35. Bd2 Ra3 36. Rc4 Rxa2 37. Rxa2 Rxa2 38. Bxb4 Bxe3 39. Be1 Bxf2 40. Bxf2 e3 41. Kf3 exf2 42. Kg2 Ke5 43. Rh4 d5 44. Rxh6 d4 45. Rc6 d3 46. Rc1 Ke4 47. h4 Ke3 48. Kf1 Rc2 0-1

[Event "Avoine op 21th"]
[Site "Avoine"]
[Date "2006.07.27"]
[Round "6"]
[White "Payen, Arnaud"]
[Black "Allorant, Adrien"]
[Result "1-0"]
[WhiteElo "2390"]
[BlackElo "1913"]
[PlyCount "49"]
[EventDate "2006.07.22"]
[EventType "swiss"]
[EventRounds "9"]
[EventCountry "FRA"]
[SourceTitle "EXT 2007"]
[Source "ChessBase"]
[SourceDate "2006.11.23"]
[SourceVersion "1"]
[SourceVersionDate "2006.11.23"]
[SourceQuality "1"]

1. d4 Nf6 2. Nf3 e6 3. e3 b6 4. Bd3 Bb7 5. 0-0 Be7 6. c4 Ne4 7. Nfd2 Nxd2 8. Nxd2 h5 9. b3 Bd6 10. f4 Na6 11. e4 c5 12. d5 Qf6 13. e5 Bxe5 14. fxe5 Qxe5 15. Qf3 Qxa1 16. Qxf7+ Kd8 17. Nf3 Qc3 18. Be4 exd5 19. Bd2 Qb2 20. Bf5 Nb8 21. Rb1 Qxa2 22. cxd5 Qa6 23. Bg5+ Kc8 24. Qxg7 Re8 25. Qf7 1-0

[Event "Chateauroux op"]
[Site "Chateauroux"]
[Date "2005.11.13"]
[Round "5"]
[White "Laurent, Julien G"]
[Black "Allorant, Adrien"]
[Result "1-0"]
[WhiteElo "2240"]
[BlackElo "1839"]
[PlyCount "125"]
[EventDate "2005.10.30"]
[EventType "swiss"]
[EventRounds "7"]
[EventCountry "FRA"]
[SourceTitle "EXT 2007"]
[Source "ChessBase"]
[SourceDate "2006.11.23"]
[SourceVersion "1"]
[SourceVersionDate "2006.11.23"]
[SourceQuality "1"]

1. g3 Nf6 2. c4 g6 3. Bg2 Bg7 4. Nc3 d6 5. Nf3 0-0 6. 0-0 Nbd7 7. d4 c5 8. b3 cxd4 9. Nxd4 Nc5 10. Bb2 a5 11. Rb1 Nfd7 12. Ba1 Ne5 13. h3 Bd7 14. Nd5 Na6 15. f4 Nc6 16. Nb5 Bf5 17. Bxg7 Kxg7 18. Rb2 Nab4 19. Nbc3 e6 20. Nxb4 axb4 21. Nb5 d5 22. Kh2 Qf6 23. Rd2 dxc4 24. e4 c3 25. Rdf2 Ra5 26. Qd3 Rd8 27. Qc4 Rd2 28. Rxd2 cxd2 29. exf5 Rxa2 30. Rd1 Qb2 31. Qd3 gxf5 32. Qd7 Qc2 33. Bf3 Qxb3 34. Bh5 e5 35. fxe5 Nxe5 36. Qxf5 Ng6 37. Nd6 Ra3 38. Ne4 Ra2 39. Qf6+ Kg8 40. Qd8+ Kg7 41. Qf6+ Kg8 42. Qd8+ Kg7 43. Rxd2 Rxd2+ 44. Qxd2 Qc4 45. Nf2 b3 46. Bd1 f6 47. Qb2 Ne5 48. Qxb3 Qc6 49. Be2 Kh8 50. Qe3 Qc2 51. Qe4 Qc5 52. Kg2 Qc6 53. Qxc6 bxc6 54. Nd3 Ng6 55. Bf3 Ne7 56. Nb4 c5 57. Nd5 Nxd5 58. Bxd5 Kg7 59. Kf3 Kg6 60. Kf4 h5 61. h4 Kh6 62. Kf5 Kg7 63. Bc4 1-0

[Event "FRA-ch U14"]
[Site "Calvi"]
[Date "2005.04.17"]
[Round "1"]
[White "Sochacki, Wojtek"]
[Black "Allorant, Adrien"]
[Result "1/2-1/2"]
[WhiteElo "2110"]
[BlackElo "1810"]
[PlyCount "38"]
[EventDate "2005.04.??"]
[EventType "swiss"]
[EventRounds "9"]
[EventCountry "FRA"]
[SourceTitle "EXT 2006"]
[Source "ChessBase"]
[SourceDate "2005.11.24"]
[SourceVersion "1"]
[SourceVersionDate "2005.11.24"]
[SourceQuality "1"]

1. f4 Nf6 2. b3 c5 3. Bb2 Nc6 4. Nf3 b6 5. e3 g6 6. Be2 Bg7 7. 0-0 0-0 8. Qe1 d6 9. d3 Ng4 10. Bxg7 Kxg7 11. Bd1 e5 12. h3 Nf6 13. fxe5 dxe5 14. e4 Nd4 15. Nbd2 Be6 16. Qg3 Nxf3+ 17. Nxf3 Nd7 18. Ng5 Re8 19. h4 h6 1/2-1/2